Códice del muchachito encantado /

Gilberto Rendón (Cuautla, Morelos, 946) se inició como escritor para niños en un programa de televisión de su propia creación, Las 400 tareas (Canal 11, 1973-1977). De 1975 a 1980 laboró en la Universidad Autónoma de Sinaloa en áreas de producción multimedia y de difusión cultural. A partir de 1980,...

Descripció completa

Guardat en:
Dades bibliogràfiques
Autor principal: Rendón Ortiz, Gilberto (autor)
Altres autors: Alvarez, Juan Cristóbal (ilustración) (ilustración)
Format: Llibre
Idioma:espanyol
Publicat: México : Amaquemecan 1992, c1992
Col·lecció:(El Escarabajo Azul)
(Biblioteca de Literatura Infantil y Juvenil)
Matèries:
Etiquetes: Afegir etiqueta
Sense etiquetes, Sigues el primer a etiquetar aquest registre!

MARC

LEADER 00000nam^a2200000^a^4500
001 000184797
005 20250521000000.0
009 20260310102130.139
020 |a 968-6465-43-X 
037 |a Acervo ITESO - Biblioteca 
041 |a ESP 
082 |a 808. 899282  |b REN 
100 |a Rendón Ortiz, Gilberto  |e (autor) 
245 1 0 |a Códice del muchachito encantado /  |c G. Rendón Ortiz ; il. de J.C. Alvarez. 
264 4 |a México :  |b Amaquemecan  |c 1992, c1992 
300 |a 51 p. 
336 |a texto  |b txt  |2 rdacontenido 
337 |a sin mediación  |b n  |2 rdamedio 
338 |a volumen  |b nc  |2 rdasoporte 
440 4 |a (El Escarabajo Azul) 
440 1 |a (Biblioteca de Literatura Infantil y Juvenil) 
520 |a Gilberto Rendón (Cuautla, Morelos, 946) se inició como escritor para niños en un programa de televisión de su propia creación, Las 400 tareas (Canal 11, 1973-1977). De 1975 a 1980 laboró en la Universidad Autónoma de Sinaloa en áreas de producción multimedia y de difusión cultural. A partir de 1980, de manera independiente, se dedica a escribir para niños y jóvenes: cuento, novela, programas de radio y televisión, revistas de literatura y de divulgación científica, libros de texto, páginas en Internet, material multimedia. Ha sido distinguido con el Premio Miscaltia por su labor en favor de la cultura para la niñez (1997). Ha ganado, junto con un equipo de especialistas, el concurso para elaborar los libros de texto gratuitos de geografía de México, en 1993, y de geografía universal, en 1994. Ha sido jurado de concursos de literatura infantil, como en el Juan de la Cabada (1985) y el de novela para jóvenes, organizado por la Feria del Libro Infantil y Juvenil (1992). Es profesor de literatura infantil en la Escuela de Escritores Ricardo Garibay de Cuernavaca, Morelos. Su obra completa comprende más de 50 títulos originales de literatura infantil y juvenil; algunos de ellos son: Códice del muchachito encantado (1983), Cuentos del Hierbazal (1983), Pok a tok, el juego de pelota (1983), Grillito socoyote en el circo de pulgas y otros cuentos de animales (1984), El misterio de la cajita de ópalo iridiscente (1986), El tesoro del volcán de la media luna (1986), Cuentos para dormir, soñar y despertar (1995), La balada del niño reprobado (1995), El regreso de Píperpin o la fábrica de sueños (1996) y La última frontera (2000). 
649 |a XX 
650 |a Cuentos Mexicanos 
650 |a Cuentos Infantiles 
650 |a Literatura Mexicana -  |y Siglo XX 
650 |a Literatura Infantil -  |z México 
650 |a México -  |x Historia -  |y Epoca Prehispánica 
650 |a México en la Literatura 
700 |a Alvarez, Juan Cristóbal  |e (ilustración) 
910 |a Fondo General 
920 |a Impresos - Libros 
930 |a Colección General 
940 |a Literatura 
905 |a 101 
901 |a 0500126143  |b IT1  |c LIT  |u 20250521 
902 |a https://opac.biblio.iteso.mx/vufind/Record/000184797